Damso - Tous ses titres (albums) - Statistiques

Statistiques générales
  • Ce quiz a été pris 197 fois
    74 depuis la dernière actualisation
  • Le résultat moyen est 41 sur 100
Statistiques - réponses
Titre % Correct
Θ. Macarena
87%
Impardonnable
69%
Ζ. Kietu
67%
Γ. Mosaïque solitaire
67%
Δ. Dieu ne ment jamais
65%
Ipséité
63%
Amnésie
62%
Autotune
62%
Julien
62%
Λ. Lové
62%
Ξ. Une âme pour deux
62%
BruxellesVie
60%
Σ. MOROSE
60%
O. OG
60%
Ε. Signaler
60%
Alpha
58%
Feu de bois
58%
Α. Nwaar is the New Black
58%
DEUX TOILES DE MER
56%
INTRO
56%
Périscope
56%
911
54%
Monde
54%
Débrouillard
52%
Κ. Kin la belle
52%
Smog
52%
DAMSAUTISTE
50%
Graine de sablier
50%
N. J Respect R
50%
60 années
48%
William
48%
B. #QuedusaalVie
46%
BXL ZOO
46%
CHROME
46%
CŒUR EN MIETTES
46%
Η. Gova
46%
Pa Pa Paw
46%
Frère
44%
T. CHIALER
44%
Festival de rêves
42%
JCVDEMS
42%
KAKI
42%
Silence
42%
Baltringue
40%
Ι. Peur d'être père
40%
Π. VANTABLACK
40%
Beautiful
38%
Ρ. DOSE
38%
Exutoire
38%
Μ. Noob Saibot
38%
Fibonacci
37%
Humains
37%
Introduction
37%
Laisse-moi tranquille.
37%
Magic
37%
Police
37%
Sombre
37%
VIE OLENCE
37%
Dix leurres
35%
Love is blind
35%
Schéma
35%
Y. 2 DIAMANTS
35%
24h plus tôt
33%
Conséquences
33%
LIFE LIFE
33%
YA TENGO SENTIMIENTOS
33%
YOUVOI
33%
Mony
31%
Qui m'a demandé
31%
Φ. THEVIE RADIO
31%
Aux paradis
29%
BPM
29%
La rue est morte.
29%
MTL
29%
NMI
29%
Noir meilleur
29%
QuedelaVie
29%
Tout tenter
29%
X. ZWAAR
29%
MAMILĀH
27%
Même issue
27%
Perplexe
27%
Quotidien de baisé
27%
Rondo
27%
SENTIMENTAL
27%
Tard la night
27%
T'es mon DEL
27%
Ω. VIVRE UN PEU
27%
Wolof
27%
Limbisa ngai
25%
Ψ. PASSION
25%
ROSE MARTHE'S LOVE
25%
D'JA ROULÉ
23%
MEVTR
23%
Prise de conscience
23%
POUR L'ARGENT
21%
FAIS ÇA BIEN
19%
Jean Reno
19%
Iscariote
15%
8HORIZONTAL
10%
Aucun quiz correspondant
Distribution des résultats
% des personnes avec chaque résultat
Percentile par nombre de réponses
Votre historique - résultats
Vous n’avez pas pris ce quiz depuis la dernière actualisation